| 000 | 01148nam0a2200337 4500 | ||
|---|---|---|---|
| 001 | RU\NLR\BIBL_A\022280878 | ||
| 005 | 20260420012342.0 | ||
| 010 |
_a978-5-17-160944-3 _93000 |
||
| 021 |
_aRU _bКН-П-24-033114 _9КН-П-24-3347 |
||
| 035 | _a(NLR Aleph) 022280878 | ||
| 090 |
_a13660997 _c13660997 |
||
| 100 | _a20240718d2024 u y0rusy50 ca | ||
| 101 | 0 | _arus | |
| 102 | _aRU | ||
| 105 | _aa z 000ay | ||
| 181 | 0 |
_ai3 _baxxe |
|
| 181 | 0 |
_ab1 _bxb2e |
|
| 182 | 0 | _an | |
| 200 | 1 |
_aЗаткнись и улыбнись _e[роман] _fСола Рейн |
|
| 203 |
_aТекст _aИзображение _bвизуальные _cнепосредственные |
||
| 210 |
_aМосква _cАСТ _cЖанровая литература _d2024 |
||
| 215 |
_a350, [1] с. _cил. _d21 |
||
| 225 | 1 | _aСовременный любовный роман | |
| 333 | _a16+ | ||
| 686 | 2 | _aШ6(2=Р)8-440.4 | |
| 700 | 1 |
_7ca _8rus _aРэйн _bС. _cпсевдоним _gСола _9237467 _3RU\NLR\AUTH\770237523 |
|
| 942 | _cBOOK | ||
| 980 | _aNB | ||